Applying cultural anthropology : (Record no. 18825)

MARC details
000 -LEADER
fixed length control field 007150000a22002290004500
001 - CONTROL NUMBER
control field 018825
005 - DATE AND TIME OF LATEST TRANSACTION
control field 20250617121309.0
008 - FIXED-LENGTH DATA ELEMENTS--GENERAL INFORMATION
fixed length control field 130614t xxu||||| |||| 00| 0 eng d
020 ## - INTERNATIONAL STANDARD BOOK NUMBER
International Standard Book Number 0767418379
082 ## - DEWEY DECIMAL CLASSIFICATION NUMBER
Classification number 306 POD
090 ## - LOCALLY ASSIGNED LC-TYPE CALL NUMBER (OCLC); LOCAL CALL NUMBER (RLIN)
-- 18825
-- 18825
100 ## - MAIN ENTRY--PERSONAL NAME
Personal name Podolefsky, Aaron
9 (RLIN) 39498
245 ## - TITLE STATEMENT
Title Applying cultural anthropology :
Remainder of title an introductory reader /
Statement of responsibility, etc. Aaron Podolefsky and Peter J. Brown
250 ## - EDITION STATEMENT
Edition statement 5th ed.
260 ## - PUBLICATION, DISTRIBUTION, ETC.
Place of publication, distribution, etc. London :
Date of publication, distribution, etc. 2001
Name of publisher, distributor, etc. Mayfield Publishing
300 ## - PHYSICAL DESCRIPTION
Extent xv, 316 p. :
Other physical details ill. ;
Dimensions 28 cm.
500 ## - GENERAL NOTE
General note Includes bibliographical references and index
650 ## - SUBJECT ADDED ENTRY--TOPICAL TERM
Topical term or geographic name entry element Applied anthropology
9 (RLIN) 3747
650 ## - SUBJECT ADDED ENTRY--TOPICAL TERM
Topical term or geographic name entry element Ethnology
9 (RLIN) 66462
700 ## - ADDED ENTRY--PERSONAL NAME
Personal name Brown, Peter J.
9 (RLIN) 39499
942 ## - ADDED ENTRY ELEMENTS (KOHA)
Koha item type Book
Source of classification or shelving scheme Dewey Decimal Classification
Holdings
Withdrawn status Lost status Damaged status Not for loan Home library Current library Date acquired Total Checkouts Full call number Barcode Date last seen Date last checked out Price effective from Koha item type
        Archbishop Kiwanuka Memorial Library Archbishop Kiwanuka Memorial Library 20/06/2008 6 306 POD 18825 06/04/2019 06/04/2019 20/06/2008 Book

Archbishop Kiwanuka Memorial Library | Uganda Martyrs University P.O. Box : 5498 Kampala, Uganda
Tel : +256-(0) 382-277-901 or +256-(0) 382-410-611 / E-mail : library@umu.ac.ug